| 000 | 00785nam a2200265 a 4500 | ||
|---|---|---|---|
| 001 | BRL_603 | ||
| 005 | 20190320210822.0 | ||
| 008 | 100913s1980----mx-a######---#000-0#spa-# | ||
| 020 | _a968804256O | ||
| 041 | _aspa | ||
| 044 | _amx | ||
| 050 | 4 |
_aPQ7297 _b.F63 1980 |
|
| 100 | 1 |
_aFrías, Heriberto _d1870-1925 _924408 |
|
| 245 | 1 | 0 |
_aTomochic _cHeriberto Frías ; il. María Luisa Martínez. |
| 260 |
_aMéxico _bSEP, Pomexa México _c1980 |
||
| 300 |
_a124 p. _bil. _c19 cm. |
||
| 440 | 0 |
_aBibliotecas de clásicos mexicanos _924409 |
|
| 500 | _aAu701 | ||
| 500 | _aIncluye un Apémdice histórico. | ||
| 504 | _aBibliografía: p. 119 | ||
| 650 | 1 | 4 |
_aNovela historica mexicana _xNovela _924410 |
| 700 | 1 |
_aMartínez, María Luisa _eil _924411 |
|
| 902 | _aGRL | ||
| 942 |
_2lcc _cB |
||
| 999 |
_c9415 _d9415 |
||